My friends spread a rumor : (Record no. 397109)
[ view plain ]
| 000 -LEADER | |
|---|---|
| fixed length control field | 02175cam a2200385 i 4500 |
| 001 - CONTROL NUMBER | |
| control field | 22330993 |
| 005 - DATE AND TIME OF LATEST TRANSACTION | |
| control field | 20240530153939.0 |
| 008 - FIXED-LENGTH DATA ELEMENTS--GENERAL INFORMATION | |
| fixed length control field | 211201s2023 mnua j 000 0 eng |
| 010 ## - LIBRARY OF CONGRESS CONTROL NUMBER | |
| LC control number | 2021057141 |
| 020 ## - INTERNATIONAL STANDARD BOOK NUMBER | |
| International Standard Book Number | 9781645492757 |
| Qualifying information | (hardcover) |
| 020 ## - INTERNATIONAL STANDARD BOOK NUMBER | |
| International Standard Book Number | 9781681527994 |
| Qualifying information | (paperback) |
| 020 ## - INTERNATIONAL STANDARD BOOK NUMBER | |
| Cancelled/invalid ISBN | 9781645493631 |
| Qualifying information | (ebook) |
| 040 ## - CATALOGING SOURCE | |
| Original cataloging agency | DLC |
| Language of cataloging | eng |
| Description conventions | rda |
| Transcribing agency | DLC |
| 042 ## - AUTHENTICATION CODE | |
| Authentication code | pcc |
| 050 00 - LIBRARY OF CONGRESS CALL NUMBER | |
| Classification number | BF723.T8 |
| Item number | M548 2023 |
| 082 00 - DEWEY DECIMAL CLASSIFICATION NUMBER | |
| Classification number | 177/.3083 |
| Edition number | 23/eng/20211221 |
| 092 ## - LOCALLY ASSIGNED DEWEY CALL NUMBER (OCLC) | |
| Classification number | children nonfiction |
| Item number | Miller |
| 100 1# - MAIN ENTRY--PERSONAL NAME | |
| Personal name | Miller, Connie Colwell, |
| Dates associated with a name | 1976- |
| Relator term | author. |
| 245 10 - TITLE STATEMENT | |
| Title | My friends spread a rumor : |
| Remainder of title | working it out : you choose the ending / |
| Statement of responsibility, etc | by Connie Colwell Miller ; illustrated by Sofia Cardoso. |
| 264 #1 - Production, Publication, Distribution, Manufacture, and Copyright Notice. | |
| Place of production, publication, distribution, manufacture | Mankato, MN : |
| Name of producer, publisher, distributor, manufacturer | Amicus, |
| Date of production, publication, distribution, manufacture, or copyr | [2023] |
| 300 ## - PHYSICAL DESCRIPTION | |
| Extent | 23 pages : |
| Other physical details | color illustrations ; |
| Dimensions | 22 x 24 cm. |
| 336 ## - Content Type | |
| Content type term | text |
| 337 ## - Media type | |
| Media type term | unmediated |
| 338 ## - Carrier type | |
| Carrier type term | volume |
| 490 0# - SERIES STATEMENT | |
| Series statement | Making good choices |
| 520 ## - SUMMARY, ETC. | |
| Summary, etc | ""When you're the subject of an embarrassing rumor-and that rumor is false-how would you respond? In this illustrated choose-your-own-ending picture book, Harper's friends spread a rumor that she wets the bed. Will Harper confront them or let it go? Will she forgive her friends? Readers make choices for Harper and read what happens next, with each story path leading to different outcomes. Includes four different endings and discussion questions. Expressive illustrations and the power to choose your story support social-emotional learning and decision-making for kids, making this an excellent book to spark discussion and encourage kids to build positive relationships.""-- |
| 521 ## - TARGET AUDIENCE NOTE | |
| Target audience note | Ages 6 |
| Source | Amicus |
| 521 ## - TARGET AUDIENCE NOTE | |
| Target audience note | Grades 2-3 |
| Source | Amicus |
| 650 #0 - SUBJECT ADDED ENTRY--TOPICAL TERM | |
| Topical term or geographic name as entry element | Truthfulness and falsehood in children |
| Form subdivision | Juvenile literature. |
| 9 (RLIN) | 6432185 |
| 650 #0 - SUBJECT ADDED ENTRY--TOPICAL TERM | |
| Topical term or geographic name as entry element | Rumor |
| Form subdivision | Juvenile literature. |
| 9 (RLIN) | 6488413 |
| 650 #0 - SUBJECT ADDED ENTRY--TOPICAL TERM | |
| Topical term or geographic name as entry element | Friendship in children |
| Form subdivision | Juvenile literature. |
| 9 (RLIN) | 6405999 |
| 700 1# - ADDED ENTRY--PERSONAL NAME | |
| Personal name | Cardoso, Sofia |
| Titles and other words associated with a name | (Illustrator), |
| Relator term | illustrator. |
| 9 (RLIN) | 6435991 |
| 776 08 - ADDITIONAL PHYSICAL FORM ENTRY | |
| Display text | Online version: |
| Main entry heading | Miller, Connie Colwell, 1976- |
| Title | My friends spread a rumor |
| Place, publisher, and date of publication | Mankato, MN : Amicus, [2023] |
| International Standard Book Number | 9781645493631 |
| Record control number | (DLC) 2021057142 |
| 942 ## - ADDED ENTRY ELEMENTS (KOHA) | |
| Source of classification or shelving scheme | Dewey Decimal Classification |
| Koha item type | BOOK |
| Withdrawn status | Lost status | Source of classification or shelving scheme | Damaged status | Not for loan | Collection code | Home library | Current library | Shelving location | Date acquired | Source of acquisition | Total Checkouts | Total Renewals | Full call number | Barcode | Date last seen | Date checked out | Cost, replacement price | Price effective from | Koha item type |
|---|---|---|---|---|---|---|---|---|---|---|---|---|---|---|---|---|---|---|---|
| Dewey Decimal Classification | Children NonFiction | Wasatch County Library | Wasatch County Library | Main Floor Childrens Area | 05/30/2024 | Penworthy | 4 | 3 | E Social Friendship Miller | 34301002078055 | 11/17/2025 | 10/20/2025 | 23.95 | 05/30/2024 | BOOK |
